[Event "SRB-chT 1st League CS"]
[Site "Banja Vrujci"]
[Date "2022.10.09"]
[Round "11.5"]
[White "Ravic, Nenad"]
[Black "Gajic, Branko"]
[Result "1-0"]
[WhiteElo "2216"]
[BlackElo "2141"]
[PlyCount "74"]
[EventDate "2022.10.01"]
[EventType "team-tourn"]
[EventRounds "11"]
[EventCountry "SRB"]
[SourceTitle "CBM 210 Extra"]
[Source "ChessBase"]
[SourceDate "2022.11.30"]
[SourceVersion "1"]
[SourceVersionDate "2022.11.30"]
[SourceQuality "1"]
[WhiteTeam "Kraljevo Sloga"]
[BlackTeam "Loznica Klupci 75"]
[WhiteTeamCountry "SRB"]
[BlackTeamCountry "SRB"]

1. e4 c6 2. d4 d5 3. e5 Bf5 4. c4 e6 5. Nc3 h6 6. a3 Nd7 7. c5 b6 8. b4 a5 9. Be3 Ne7 10. Be2 axb4 11. axb4 Rxa1 12. Qxa1 bxc5 13. bxc5 Bg6 14. Nf3 Nf5 15. 0-0 Nxe3 16. fxe3 Be7 17. Qa6 Nb8 18. Qb7 0-0 19. Ra1 Bg5 20. Nd1 Bc2 21. Ra3 Qc8 22. Qxc8 Rxc8 23. Nxg5 Bxd1 24. Bxd1 hxg5 25. Ra8 Kf8 26. Ba4 Rd8 27. Kf2 Ke8 28. Kf3 f6 29. exf6 gxf6 30. g3 Ke7 31. h4 gxh4 32. gxh4 e5 33. h5 Ke6 34. h6 Kf5 35. h7 Kg6 36. Bxc6 Kxh7 37. Bb7 exd4 1-0

[Event "SRB-chT 1st League CS"]
[Site "Banja Vrujci"]
[Date "2022.10.08"]
[Round "10.1"]
[White "Livaja, Mario"]
[Black "Gajic, Branko"]
[Result "1-0"]
[WhiteElo "2272"]
[BlackElo "2141"]
[PlyCount "73"]
[EventDate "2022.10.01"]
[EventType "team-tourn"]
[EventRounds "11"]
[EventCountry "SRB"]
[SourceTitle "CBM 210 Extra"]
[Source "ChessBase"]
[SourceDate "2022.11.30"]
[SourceVersion "1"]
[SourceVersionDate "2022.11.30"]
[SourceQuality "1"]
[WhiteTeam "Nis Nais"]
[BlackTeam "Loznica Klupci 75"]
[WhiteTeamCountry "SRB"]
[BlackTeamCountry "SRB"]

1. d4 d5 2. c4 c6 3. Nc3 Nf6 4. Nf3 e6 5. Qd3 Nbd7 6. g3 a6 7. Bg2 b5 8. b3 b4 9. Na4 Ne4 10. 0-0 Be7 11. Bb2 0-0 12. Rad1 Nb6 13. Ne5 Nxa4 14. bxa4 Nf6 15. Nxc6 Qd7 16. Nxe7+ Qxe7 17. e4 dxe4 18. Bxe4 Nxe4 19. Qxe4 Bb7 20. d5 Rfe8 21. Rfe1 Qf8 22. Qd4 exd5 23. Rxe8 Rxe8 24. cxd5 f6 25. d6 Bf3 26. d7 Rd8 27. Rd3 Ba8 28. Qc4+ Qf7 29. Qc7 Qe7 30. Kf1 Kf7 31. f3 g5 32. h3 h5 33. Kf2 g4 34. hxg4 hxg4 35. Rd6 Bxf3 36. Rxf6+ Kg8 37. Qc4+ 1-0

[Event "SRB-chT 1st League CS"]
[Site "Banja Vrujci"]
[Date "2022.10.06"]
[Round "8.2"]
[White "Ivanovic, Lazar"]
[Black "Gajic, Branko"]
[Result "1-0"]
[WhiteElo "2067"]
[BlackElo "2141"]
[PlyCount "81"]
[EventDate "2022.10.01"]
[EventType "team-tourn"]
[EventRounds "11"]
[EventCountry "SRB"]
[SourceTitle "CBM 210 Extra"]
[Source "ChessBase"]
[SourceDate "2022.11.30"]
[SourceVersion "1"]
[SourceVersionDate "2022.11.30"]
[SourceQuality "1"]
[WhiteTeam "Arandjelovac"]
[BlackTeam "Loznica Klupci 75"]
[WhiteTeamCountry "SRB"]
[BlackTeamCountry "SRB"]

1. d4 d5 2. c4 c6 3. Nc3 Nf6 4. Bg5 e6 5. cxd5 exd5 6. Qc2 Be7 7. e3 0-0 8. Bd3 h6 9. Bh4 b6 10. Nf3 Nbd7 11. 0-0 Bb7 12. Rfd1 Ne8 13. Bg3 Nef6 14. h3 Nh5 15. Bh2 g5 16. e4 dxe4 17. Nxe4 Ndf6 18. Bc4 Nd5 19. Ne5 f5 20. Ng3 Nxg3 21. Bxg3 Kg7 22. Bb3 Rf6 23. Qd3 f4 24. Bh2 Bc8 25. Rac1 Bb7 26. Bc2 Qg8 27. Bb1 Rd8 28. Re1 c5 29. Ng4 Rfd6 30. dxc5 bxc5 31. Rxc5 R8d7 32. Qf5 Nb4 33. Rce5 Bf8 34. Re8 Rf7 35. Qe5+ Rdf6 36. Nxf6 Rxf6 37. Qc7+ Qf7 38. R8e7 Bxe7 39. Rxe7 Nd5 40. Rxf7+ Rxf7 41. Qe5+ 1-0

[Event "SRB-chT 1st League CS"]
[Site "Banja Vrujci"]
[Date "2022.10.03"]
[Round "4.4"]
[White "Radojkovic, Stefan"]
[Black "Gajic, Branko"]
[Result "1-0"]
[WhiteElo "1923"]
[BlackElo "2141"]
[PlyCount "59"]
[EventDate "2022.10.01"]
[EventType "team-tourn"]
[EventRounds "11"]
[EventCountry "SRB"]
[SourceTitle "CBM 210 Extra"]
[Source "ChessBase"]
[SourceDate "2022.11.30"]
[SourceVersion "1"]
[SourceVersionDate "2022.11.30"]
[SourceQuality "1"]
[WhiteTeam "Paracin OSK"]
[BlackTeam "Loznica Klupci 75"]
[WhiteTeamCountry "SRB"]
[BlackTeamCountry "SRB"]

1. Nf3 d5 2. g3 c6 3. Bg2 Nf6 4. 0-0 Bf5 5. b3 e6 6. Bb2 Be7 7. c4 0-0 8. d3 Nbd7 9. Nh4 Bg4 10. h3 Bh5 11. g4 Ne8 12. Nf3 Bg6 13. Nbd2 Bf6 14. Bxf6 Qxf6 15. b4 h5 16. g5 Qf4 17. Qc1 f6 18. Nb3 Qd6 19. Nh4 Kh7 20. Nd4 Qe7 21. Qe3 Nc7 22. cxd5 cxd5 23. Rac1 Rfc8 24. Nxg6 Kxg6 25. Rxc7 Rxc7 26. Nxe6 Rc2 27. Bxd5 Re8 28. d4 Rcc8 29. Qd3+ f5 30. Nf4+ 1-0

[Event "SRB-chT 1st League CS"]
[Site "Banja Vrujci"]
[Date "2022.10.02"]
[Round "2.5"]
[White "Gajic, Branko"]
[Black "Bozic, Milan"]
[Result "0-1"]
[WhiteElo "2141"]
[BlackElo "2201"]
[PlyCount "92"]
[EventDate "2022.10.01"]
[EventType "team-tourn"]
[EventRounds "11"]
[EventCountry "SRB"]
[SourceTitle "CBM 210 Extra"]
[Source "ChessBase"]
[SourceDate "2022.11.30"]
[SourceVersion "1"]
[SourceVersionDate "2022.11.30"]
[SourceQuality "1"]
[WhiteTeam "Loznica Klupci 75"]
[BlackTeam "Valjevo 2005"]
[WhiteTeamCountry "SRB"]
[BlackTeamCountry "SRB"]

1. e4 d6 2. d4 c6 3. Bd3 e5 4. Ne2 Nf6 5. f3 Be7 6. c4 0-0 7. d5 Qb6 8. Nbc3 a5 9. Ng3 Bd8 10. Qe2 Qa7 11. Be3 Bb6 12. Bxb6 Qxb6 13. Qf2 Qxf2+ 14. Kxf2 Na6 15. Na4 g6 16. Nb6 Rb8 17. a3 Nd7 18. Nxd7 Bxd7 19. Ne2 cxd5 20. cxd5 b5 21. Ke3 f5 22. Rab1 fxe4 23. fxe4 Nc5 24. b4 Nxd3 25. Kxd3 Rf2 26. Rhg1 Rbf8 27. Nc3 Rc8 28. Rb3 g5 29. Ke3 Rcf8 30. Nd1 Ra2 31. Nb2 Rc8 32. Rd1 Rc2 33. Rd2 Rc1 34. Nd3 Rxd2 35. Kxd2 Rc4 36. Ke3 Be8 37. Nf2 Bg6 38. g4 h5 39. h3 Kf8 40. Kd3 axb4 41. axb4 Ke7 42. h4 Rc1 43. Rc3 Rb1 44. Rc7+ Kd8 45. Rg7 Be8 46. Rxg5 Rxb4 0-1

[Event "SRB-chT Cup"]
[Site "Kragujevac"]
[Date "2017.04.29"]
[Round "1.10"]
[White "Gajic, Branko"]
[Black "Rajkovic, Aleksandar"]
[Result "0-1"]
[WhiteElo "2191"]
[BlackElo "2163"]
[PlyCount "144"]
[EventDate "2017.04.29"]
[EventType "team-swiss"]
[EventRounds "6"]
[EventCountry "SRB"]
[SourceTitle "EXT 2018"]
[Source "ChessBase"]
[SourceDate "2017.10.13"]
[SourceVersion "1"]
[SourceVersionDate "2017.10.13"]
[SourceQuality "1"]
[WhiteTeam "Ljig Spartak"]
[BlackTeam "Pozarevac"]
[WhiteTeamCountry "SRB"]
[BlackTeamCountry "SRB"]

1. e4 e5 2. Nf3 Nc6 3. d4 exd4 4. Nxd4 Bc5 5. Be3 Qf6 6. c3 Nge7 7. Nc2 Bxe3 8. Nxe3 d6 9. Be2 Be6 10. 0-0 g5 11. Nd5 Bxd5 12. exd5 Ne5 13. Qa4+ c6 14. dxc6 bxc6 15. Nd2 0-0 16. f4 gxf4 17. Rxf4 Qg6 18. Ne4 Nd5 19. Rf2 f5 20. Nd2 Rab8 21. Qd4 Qe6 22. Nc4 Rb7 23. Rd1 Rg7 24. Na5 Ng4 25. Bxg4 Rxg4 26. Qd2 Nf6 27. Nxc6 Ne4 28. Qe2 Rf6 29. Rxf5 Rxf5 30. Qxg4+ Kh8 31. Nd4 Rf1+ 32. Rxf1 Qxg4 33. h3 Qg6 34. Rf8+ Kg7 35. Rf4 Nf6 36. Nf5+ Kf7 37. Nxd6+ Ke6 38. Nf5 Ke5 39. Rf1 Nd5 40. Nh4 Qc2 41. Nf3+ Kd6 42. Rf2 Qb1+ 43. Kh2 Qxa2 44. Rd2 Ke7 45. Rd4 Nf6 46. Rb4 Qa6 47. Kg1 Qe2 48. Nd4 Qd2 49. Nc6+ Kf7 50. Rb7+ Kf8 51. Rb8+ Kg7 52. Rb7+ Kh6 53. Nd4 Ne4 54. Re7 Qf2+ 55. Kh2 Ng5 56. Rxa7 Qf4+ 57. Kg1 Qc1+ 58. Kh2 Qxb2 59. Ra6+ Kg7 60. Ne6+ Nxe6 61. Rxe6 Qxc3 62. Re2 Qd4 63. Kg3 h5 64. Kf3 Kf6 65. Re4 Qd1+ 66. Kf2 Kf5 67. Re3 Qd2+ 68. Re2 Qd4+ 69. Kf1 Kf4 70. Rf2+ Kg3 71. Re2 Qa1+ 72. Re1 Qf6+ 0-1

[Event "SRB-chT2 West CS"]
[Site "Serbia"]
[Date "2016.10.07"]
[Round "7.4"]
[White "Gajic, Branko"]
[Black "Bojovic, Dusan"]
[Result "1/2-1/2"]
[WhiteElo "2204"]
[BlackElo "2246"]
[PlyCount "33"]
[EventDate "2016.09.04"]
[EventType "team-tourn"]
[EventRounds "11"]
[EventCountry "SRB"]
[SourceTitle "EXT 2018"]
[Source "ChessBase"]
[SourceDate "2017.10.13"]
[SourceVersion "1"]
[SourceVersionDate "2017.10.13"]
[SourceQuality "1"]

1. e4 c5 2. Nf3 Nc6 3. d4 cxd4 4. Nxd4 g6 5. c4 Bg7 6. Be3 d6 7. Nc3 Nf6 8. f3 0-0 9. Be2 Nxd4 10. Bxd4 Be6 11. 0-0 Nd7 12. Bxg7 Kxg7 13. Qd4+ Kg8 14. Nd5 Bxd5 15. cxd5 Qb6 16. Qxb6 Nxb6 17. Rac1 1/2-1/2

[Event "SRB-chT Cup"]
[Site "Kragujevac"]
[Date "2016.04.23"]
[Round "5.6"]
[White "Gajic, Branko"]
[Black "Simonovic, Milomir"]
[Result "1-0"]
[WhiteElo "2195"]
[BlackElo "1931"]
[PlyCount "73"]
[EventDate "2016.04.20"]
[EventType "team-swiss"]
[EventRounds "7"]
[EventCountry "SRB"]
[SourceTitle "CBM 172 Extra"]
[Source "ChessBase"]
[SourceDate "2016.06.21"]
[SourceVersion "1"]
[SourceVersionDate "2016.06.21"]
[SourceQuality "1"]
[WhiteTeam "Ljig Spartak"]
[BlackTeam "Kragujevac Marsic"]
[WhiteTeamCountry "SRB"]
[BlackTeamCountry "SRB"]

1. e4 c5 2. Nf3 Nc6 3. d4 cxd4 4. Nxd4 d6 5. c4 g6 6. Be2 Bg7 7. Be3 Nf6 8. Nc3 Bd7 9. 0-0 0-0 10. f3 h5 11. Nc2 Rc8 12. Na3 b6 13. Qd2 Ne5 14. Rac1 Bc6 15. Nd5 e6 16. Nb4 Qe7 17. Bg5 Rfd8 18. Rfd1 Qb7 19. Qf4 Qe7 20. Rd2 Rd7 21. Rcd1 Rcd8 22. Qh4 a5 23. Nxc6 Nxc6 24. f4 e5 25. Rf1 d5 26. Rxd5 Nxd5 27. Bxe7 Ndxe7 28. f5 Rd6 29. f6 Bxf6 30. Rxf6 Rd2 31. Rf2 f5 32. exf5 Nxf5 33. Qf6 Nce7 34. Qxe5 Kh7 35. Nb1 Rc2 36. Rxf5 Nxf5 37. Qc7+ 1-0

[Event "SRB-CupT Central Serbia"]
[Site "Serbia"]
[Date "2014.05.02"]
[Round "5.11"]
[White "Cicvaric, Dragos"]
[Black "Gajic, Branko"]
[Result "0-1"]
[WhiteElo "2153"]
[BlackElo "2168"]
[PlyCount "62"]
[EventDate "2014.03.23"]
[EventType "team"]
[EventRounds "8"]
[EventCountry "SRB"]
[SourceTitle "EXT 2015"]
[Source "ChessBase"]
[SourceDate "2014.11.20"]
[SourceVersion "1"]
[SourceVersionDate "2014.11.20"]
[SourceQuality "1"]

1. d4 d5 2. Nf3 c6 3. Nc3 Bf5 4. Bf4 e6 5. e3 Nf6 6. Bd3 Bg4 7. 0-0 Bd6 8. Bxd6 Qxd6 9. h3 Bh5 10. Qe2 Nbd7 11. Rad1 0-0 12. g4 Nxg4 13. hxg4 Bxg4 14. Nb1 f5 15. Nbd2 Rf6 16. Qe1 Rh6 17. Ne5 Bxd1 18. Qxd1 Nxe5 19. dxe5 Qxe5 20. Nf3 Qf6 21. Re1 e5 22. Nxe5 Qxe5 23. f4 Qf6 24. Qf3 Qh4 25. Re2 Rg6+ 26. Rg2 Qe1+ 27. Bf1 Re8 28. Qf2 Qxe3 29. Qxe3 Rxe3 30. Bd3 Rxg2+ 31. Kxg2 g6 0-1

[Event "SRB-chT2 West"]
[Site "Serbia"]
[Date "2007.10.18"]
[Round "7"]
[White "Matijevic, Nenad"]
[Black "Gajic, Branko"]
[Result "1-0"]
[WhiteElo "2187"]
[BlackElo "2137"]
[PlyCount "65"]
[EventDate "2007.09.09"]
[EventType "team"]
[EventRounds "11"]
[EventCountry "SRB"]
[SourceTitle "EXT 2012"]
[Source "ChessBase"]
[SourceDate "2011.11.24"]
[SourceVersion "1"]
[SourceVersionDate "2011.11.24"]
[SourceQuality "1"]
[WhiteTeam "Pozega"]
[BlackTeam "Ljig Spartak"]
[WhiteTeamCountry "SRB"]
[BlackTeamCountry "SRB"]

1. e4 c6 2. d4 d5 3. Nd2 dxe4 4. Nxe4 Nf6 5. Ng3 Bg4 6. Qd3 e6 7. h3 Bh5 8. Nxh5 Nxh5 9. g4 Nf6 10. Bg2 Bd6 11. Ne2 Qc7 12. 0-0 Nbd7 13. c4 c5 14. d5 exd5 15. g5 Ng8 16. Qxd5 Ne7 17. Qxb7 Qxb7 18. Bxb7 Rb8 19. Bg2 Ne5 20. b3 Nf5 21. Rd1 Rd8 22. Bf4 f6 23. Be4 Nh4 24. gxf6 gxf6 25. Kf1 0-0 26. Bg3 Nhg6 27. Bf5 Rfe8 28. Nc3 Kg7 29. Ne4 Kf7 30. Kg2 Kf8 31. f3 Ne7 32. Be6 N7c6 33. Bd5 1-0